[Event "CAN-op"]
[Site "Edmonton CAN"]
[Date "2009.07.14"]
[Round "4.88"]
[White "Bansal, Prabjeet"]
[Black "Ludwig, David"]
[Result "0-1"]
[WhiteElo "1394"]
[BlackElo "1680"]
[PlyCount "60"]
[GameId "2160767910155992"]
[EventDate "2009.07.11"]
[EventType "swiss"]
[EventRounds "9"]
[EventCountry "CAN"]
[SourceTitle "EXT 2022"]
[Source "ChessBase"]
[SourceDate "2021.10.06"]
[SourceVersion "1"]
[SourceVersionDate "2021.10.06"]
[SourceQuality "1"]

1. e4 Nf6 2. d3 e5 3. Nf3 Nc6 4. b3 Bc5 5. h3 d6 6. Bb2 O-O 7. Be2 h6 8. O-O Be6 9. Nc3 a6 10. Na4 Ba7 11. c4 Ne7 12. d4 exd4 13. Nxd4 Nxe4 14. Bf3 d5 15. Bxe4 dxe4 16. Nxe6 fxe6 17. Qg4 Nf5 18. Qxe4 Qe7 19. Kh1 Bxf2 20. Be5 Ng3+ 21. Bxg3 Bxg3 22. Qxb7 Be5 23. Rae1 Qh4 24. Qxa8 Rxa8 25. Rxe5 Rd8 26. Rxe6 Rd2 27. Rg6 Rxa2 28. Rf3 Qd4 29. Rfg3 Ra1+ 30. Kh2 Qg1# 0-1

[Event "CAN-op"]
[Site "Edmonton CAN"]
[Date "2009.07.14"]
[Round "4.89"]
[White "Dattani, Dinesh"]
[Black "Robertson, Trevor"]
[Result "0-1"]
[WhiteElo "1380"]
[BlackElo "1651"]
[PlyCount "52"]
[GameId "2160767910155993"]
[EventDate "2009.07.11"]
[EventType "swiss"]
[EventRounds "9"]
[EventCountry "CAN"]
[SourceTitle "EXT 2022"]
[Source "ChessBase"]
[SourceDate "2021.10.06"]
[SourceVersion "1"]
[SourceVersionDate "2021.10.06"]
[SourceQuality "1"]

1. e4 e6 2. d4 d5 3. Nc3 dxe4 4. Nxe4 Nf6 5. Ng3 c5 6. Nf3 Nc6 7. c3 cxd4 8. cxd4 Bb4+ 9. Bd2 Qa5 10. Be2 O-O 11. O-O Rd8 12. Be3 e5 13. a3 Bf8 14. b4 Qc7 15. Rc1 Qe7 16. Rc4 Be6 17. Rxc6 bxc6 18. Nxe5 Qb7 19. Bf3 Bd5 20. Qd3 Bxf3 21. Nxf3 Qb5 22. Qb3 Rd5 23. Rc1 a5 24. Ne5 axb4 25. Rxc6 Rxa3 26. Qxb4 Qxb4 0-1

[Event "CAN-op"]
[Site "Edmonton CAN"]
[Date "2009.07.14"]
[Round "4.90"]
[White "Goodman, Clifford"]
[Black "Baron, Desmond"]
[Result "1-0"]
[WhiteElo "1472"]
[BlackElo "1630"]
[PlyCount "99"]
[GameId "2160767910155994"]
[EventDate "2009.07.11"]
[EventType "swiss"]
[EventRounds "9"]
[EventCountry "CAN"]
[SourceTitle "EXT 2022"]
[Source "ChessBase"]
[SourceDate "2021.10.06"]
[SourceVersion "1"]
[SourceVersionDate "2021.10.06"]
[SourceQuality "1"]

1. Nf3 d5 2. c4 e6 3. g3 b6 4. Bg2 Bb7 5. d4 Nd7 6. Nc3 Ngf6 7. cxd5 Nxd5 8. O-O Nxc3 9. bxc3 c5 10. Re1 Rc8 11. e4 cxd4 12. cxd4 Nf6 13. d5 Be7 14. dxe6 Qxd1 15. exf7+ Kxf7 16. Rxd1 Bxe4 17. Ng5+ Kg6 18. Nxe4 Rhf8 19. Be3 Ng4 20. Bh3 Nxe3 21. fxe3 Rce8 22. Nd6 Rd8 23. Nc4 Bc5 24. Rxd8 Rxd8 25. Kf1 Kf6 26. Ke2 Re8 27. Rf1+ Ke7 28. Rf4 b5 29. Re4+ Kd8 30. Rxe8+ Kxe8 31. Nb2 a5 32. Kd3 Ke7 33. e4 Kd6 34. Bf1 Kc6 35. e5 Ba3 36. Nd1 Kd5 37. Nc3+ Kxe5 38. Nxb5 Bc5 39. Ke2 Ke4 40. Nc3+ Kd4 41. Nb5+ Ke4 42. Bg2+ Ke5 43. Kf3 g5 44. Kg4 Bg1 45. h3 Kf6 46. Kh5 Bf2 47. g4 Bc5 48. Kh6 Bf8+ 49. Kxh7 Bg7 50. Nc7 1-0

[Event "CAN-op"]
[Site "Edmonton CAN"]
[Date "2009.07.14"]
[Round "4.91"]
[White "McCullough, David"]
[Black "Amundson, Kristofor"]
[Result "1/2-1/2"]
[WhiteElo "1293"]
[BlackElo "1601"]
[PlyCount "49"]
[GameId "2160767910155995"]
[EventDate "2009.07.11"]
[EventType "swiss"]
[EventRounds "9"]
[EventCountry "CAN"]
[SourceTitle "EXT 2022"]
[Source "ChessBase"]
[SourceDate "2021.10.06"]
[SourceVersion "1"]
[SourceVersionDate "2021.10.06"]
[SourceQuality "1"]

1. d4 d5 2. c4 e6 3. Nc3 Nf6 4. Bg5 Be7 5. c5 b6 6. b4 O-O 7. e3 Re8 8. Bb5 c6 9. Bd3 Nbd7 10. Nf3 a5 11. a3 Ba6 12. O-O Ne4 13. Bxe7 Qxe7 14. Qc2 Ndf6 15. Bxa6 Rxa6 16. Nxe4 Nxe4 17. Ne5 Qb7 18. Rab1 b5 19. a4 f6 20. Nd3 Rea8 21. axb5 Qxb5 22. bxa5 Qxa5 23. Nb4 Qa4 24. Rb2 Qxc2 25. Nxc2 1/2-1/2

[Event "CAN-op"]
[Site "Edmonton CAN"]
[Date "2009.07.14"]
[Round "4.92"]
[White "Thomas, Derek"]
[Black "Mawani, Adam"]
[Result "1-0"]
[WhiteElo "1532"]
[BlackElo "1357"]
[PlyCount "79"]
[GameId "2160767910155996"]
[EventDate "2009.07.11"]
[EventType "swiss"]
[EventRounds "9"]
[EventCountry "CAN"]
[SourceTitle "EXT 2022"]
[Source "ChessBase"]
[SourceDate "2021.10.06"]
[SourceVersion "1"]
[SourceVersionDate "2021.10.06"]
[SourceQuality "1"]

1. d4 d5 2. c4 c6 3. Nc3 Nf6 4. Bg5 Nbd7 5. Nf3 b6 6. e3 e6 7. Ne5 h6 8. Bh4 g5 9. Bg3 Bg7 10. Bd3 Bb7 11. cxd5 exd5 12. Qe2 Qc8 13. O-O Nxe5 14. Bxe5 a6 15. Qf3 Qe6 16. Bf5 Qe7 17. Na4 Qb4 18. b3 Bc8 19. Bxc8 Rxc8 20. Bxf6 Rg8 21. Bxg7 Rxg7 22. Qf6 Kf8 23. Qxh6 Rc7 24. Qh8+ Rg8 25. Qe5 Rd7 26. Qb8+ Kg7 27. Qxb6 Qxb6 28. Nxb6 Rb7 29. Na4 a5 30. Nc5 Rb4 31. Rac1 Rc8 32. Nd3 Rb6 33. Ne5 Rd8 34. Nxc6 Rc8 35. Ne7 Rxc1 36. Rxc1 Rb7 37. Nxd5 Rb5 38. Nc7 Rf5 39. d5 Kf8 40. Rd1 1-0

[Event "CAN-op"]
[Site "Edmonton CAN"]
[Date "2009.07.14"]
[Round "4.93"]
[White "MacKay, David"]
[Black "Longson, Stan"]
[Result "0-1"]
[WhiteElo "1202"]
[BlackElo "1400"]
[PlyCount "128"]
[GameId "2160767910155997"]
[EventDate "2009.07.11"]
[EventType "swiss"]
[EventRounds "9"]
[EventCountry "CAN"]
[SourceTitle "EXT 2022"]
[Source "ChessBase"]
[SourceDate "2021.10.06"]
[SourceVersion "1"]
[SourceVersionDate "2021.10.06"]
[SourceQuality "1"]

1. c4 e6 2. d4 c5 3. Be3 cxd4 4. Bxd4 Nc6 5. Nf3 Nxd4 6. Nxd4 Bc5 7. e3 Nf6 8. g3 Rb8 9. Bg2 b6 10. O-O Bb7 11. Nf3 O-O 12. Nc3 d5 13. b3 dxc4 14. bxc4 Qe7 15. Na4 Rfd8 16. Qc2 Rbc8 17. Nxc5 Rxc5 18. a4 Be4 19. Qc1 Bd3 20. Rd1 Bxc4 21. Rxd8+ Qxd8 22. Qe1 h6 23. Rd1 Qc7 24. e4 Ba6 25. h3 e5 26. Kh1 Bb7 27. Nh4 Rc4 28. f3 Rxa4 29. Nf5 g6 30. Nd6 Rd4 31. Nxb7 Rxd1 32. Qxd1 Qxb7 33. f4 Qc7 34. fxe5 Qxe5 35. Qa4 Qc7 36. Bf3 Nd7 37. Kg2 Nc5 38. Qd4 a5 39. e5 Ne6 40. Qd6 Qxd6 41. exd6 Kf8 42. Bd5 Ke8 43. Bxe6 fxe6 44. Kf2 a4 45. d7+ Kxd7 46. Ke2 Kc6 47. Kd1 Kc5 48. Kc1 Kc4 49. Kb2 b5 50. Ka3 e5 51. Kb2 e4 52. Kc1 e3 53. Kd1 a3 54. Ke2 Kd4 55. Kf3 a2 56. g4 a1=Q 57. h4 Qa8+ 58. Kg3 Qe4 59. h5 g5 60. Kh3 e2 61. Kg3 e1=Q+ 62. Kh2 Qc3 63. Kg1 Qec2 64. Kf1 Qa1# 0-1

[Event "CAN-op"]
[Site "Edmonton CAN"]
[Date "2009.07.14"]
[Round "4.94"]
[White "Ludwig, Michael1"]
[Black "Prime, Keith"]
[Result "1-0"]
[WhiteElo "1413"]
[BlackElo "1223"]
[PlyCount "123"]
[GameId "2160767910155998"]
[EventDate "2009.07.11"]
[EventType "swiss"]
[EventRounds "9"]
[EventCountry "CAN"]
[SourceTitle "EXT 2022"]
[Source "ChessBase"]
[SourceDate "2021.10.06"]
[SourceVersion "1"]
[SourceVersionDate "2021.10.06"]
[SourceQuality "1"]

1. d4 a5 2. e4 c6 3. c4 b6 4. Nf3 e6 5. Nc3 Ba6 6. Bd3 h6 7. b3 Bb4 8. Bd2 Bxc3 9. Bxc3 b5 10. O-O d6 11. d5 e5 12. Bb2 b4 13. Re1 c5 14. h3 Bc8 15. Re3 Bd7 16. Nh2 Ne7 17. Rg3 Ng6 18. Be2 Nf4 19. Rxg7 Qf6 20. Rg3 h5 21. Rf3 Na6 22. g3 Qg6 23. h4 Bg4 24. Nxg4 hxg4 25. Re3 Nxe2+ 26. Qxe2 O-O-O 27. a3 Kb7 28. axb4 axb4 29. Bc1 Ra8 30. Rd3 f6 31. Rd2 f5 32. exf5 Qxf5 33. Bb2 Rhe8 34. Re1 e4 35. Qe3 Re7 36. Rde2 Qg6 37. Qg5 Qh7 38. Qxg4 Rg8 39. Qh3 Rf8 40. Qh1 Qf5 41. Qg2 Rfe8 42. g4 Qh7 43. Bf6 Rf7 44. Bg5 Qg7 45. Rxe4 Rxe4 46. Qxe4 Qb2 47. Qe3 Nc7 48. Bf4 Qf6 49. Bg5 Qf3 50. Qxf3 Rxf3 51. Re3 Rf7 52. f4 Kc8 53. h5 Rf8 54. Bh6 Rg8 55. g5 Ne8 56. Kf2 Ng7 57. Bxg7 Rxg7 58. h6 Rh7 59. Kg3 Kd7 60. f5 Re7 61. Rxe7+ Kxe7 62. h7 1-0

[Event "CAN-op"]
[Site "Edmonton CAN"]
[Date "2009.07.14"]
[Round "4.95"]
[White "Situ, Dennis"]
[Black "Pavlic, Stephen"]
[Result "1/2-1/2"]
[WhiteElo "1388"]
[BlackElo "1341"]
[PlyCount "115"]
[GameId "2160767910155999"]
[EventDate "2009.07.11"]
[EventType "swiss"]
[EventRounds "9"]
[EventCountry "CAN"]
[SourceTitle "EXT 2022"]
[Source "ChessBase"]
[SourceDate "2021.10.06"]
[SourceVersion "1"]
[SourceVersionDate "2021.10.06"]
[SourceQuality "1"]

1. e4 e5 2. Nf3 Nc6 3. d4 exd4 4. Nxd4 d6 5. Nxc6 bxc6 6. Bd3 Nf6 7. O-O Be7 8. Re1 O-O 9. e5 dxe5 10. Rxe5 Bd6 11. Re1 Ng4 12. h3 Nf6 13. Nc3 Re8 14. Bg5 h6 15. Bd2 Rxe1+ 16. Qxe1 Be6 17. Ne4 Be5 18. Rb1 Bd5 19. Qe2 Rb8 20. b3 Qd7 21. Re1 Re8 22. Nxf6+ gxf6 23. Qh5 Kf8 24. Qxh6+ Ke7 25. Bb4+ Kd8 26. f4 Bd4+ 27. Kf1 c5 28. Rxe8+ Qxe8 29. Bd2 Qg8 30. g4 Qe8 31. c3 Be3 32. Qxf6+ Kc8 33. Bxe3 Qxe3 34. Qf5+ Be6 35. Qe4 Qxh3+ 36. Ke1 Qg3+ 37. Kd2 Qf2+ 38. Be2 Bxg4 39. Qe3 Qh2 40. Kd3 Bxe2+ 41. Qxe2 Qxf4 42. Qe8+ Kb7 43. Qb5+ Kc8 44. Qxc5 Qf3+ 45. Qe3 Qxe3+ 46. Kxe3 Kd7 47. Kd4 Kd6 48. Ke4 Ke6 49. a3 f5+ 50. Kf4 Kf6 51. b4 c6 52. c4 Ke6 53. b5 cxb5 54. cxb5 Kf6 55. a4 Ke6 56. a5 Kd6 57. b6 axb6 58. axb6 1/2-1/2

[Event "CAN-op"]
[Site "Edmonton CAN"]
[Date "2009.07.14"]
[Round "4.96"]
[White "Kassam, Jamil"]
[Black "Cosenza, Aaron"]
[Result "0-1"]
[WhiteElo "1334"]
[BlackElo "1456"]
[PlyCount "98"]
[GameId "2160767910156000"]
[EventDate "2009.07.11"]
[EventType "swiss"]
[EventRounds "9"]
[EventCountry "CAN"]
[SourceTitle "EXT 2022"]
[Source "ChessBase"]
[SourceDate "2021.10.06"]
[SourceVersion "1"]
[SourceVersionDate "2021.10.06"]
[SourceQuality "1"]

1. e4 e5 2. Nf3 Nf6 3. Nxe5 d6 4. Nf3 Nxe4 5. d4 Be7 6. Bd3 Nf6 7. O-O Bg4 8. Nbd2 O-O 9. b3 d5 10. Bb2 Nbd7 11. h3 Bh5 12. Re1 Bb4 13. c3 Bd6 14. Qc2 c6 15. Ne5 Re8 16. f4 Ne4 17. Nxe4 dxe4 18. Bxe4 f6 19. Bxh7+ Kf8 20. Nxd7+ Qxd7 21. Bf5 Qc7 22. g3 Bf7 23. c4 Qa5 24. Bc3 Bb4 25. Bxb4+ Qxb4 26. Kf2 Rad8 27. Red1 Re7 28. Bg4 Rde8 29. a3 Qb6 30. Rd3 Bg6 31. f5 Bf7 32. Bf3 Re5 33. g4 R5e7 34. Qc3 Qc7 35. Kg2 Qf4 36. Rd2 Re3 37. Qb4+ Kg8 38. Rf1 Rxb3 39. Qxb3 Qxd2+ 40. Kg3 Qxd4 41. Qxb7 Bxc4 42. Qxc6 Qe5+ 43. Kh4 Bxf1 44. Bd5+ Kh7 45. Bf7 Rf8 46. Bg6+ Kh8 47. Qc1 Bb5 48. g5 Qe4+ 49. Kh5 Be2# 0-1

[Event "CAN-op"]
[Site "Edmonton CAN"]
[Date "2009.07.14"]
[Round "4.98"]
[White "Miller, David"]
[Black "Green, Leah"]
[Result "1-0"]
[WhiteElo "1450"]
[BlackElo "1298"]
[PlyCount "111"]
[GameId "2160767910156002"]
[EventDate "2009.07.11"]
[EventType "swiss"]
[EventRounds "9"]
[EventCountry "CAN"]
[SourceTitle "EXT 2022"]
[Source "ChessBase"]
[SourceDate "2021.10.06"]
[SourceVersion "1"]
[SourceVersionDate "2021.10.06"]
[SourceQuality "1"]

1. e4 e5 2. f4 d6 3. Nf3 Nc6 4. Bc4 h6 5. O-O Nf6 6. Nc3 Be6 7. Bxe6 fxe6 8. fxe5 dxe5 9. Nh4 Qd4+ 10. Kh1 O-O-O 11. d3 a6 12. Qf3 Nb4 13. Be3 Qd7 14. Rf2 Nc6 15. Ng6 Rg8 16. Qg3 Bd6 17. Raf1 b6 18. Na4 Nd4 19. Bxd4 exd4 20. e5 Bxe5 21. Nxb6+ cxb6 22. Nxe5 Qd6 23. Re2 Nd7 24. Nxd7 Qxg3 25. Nxb6+ Kb7 26. hxg3 Kxb6 27. Rxe6+ Kc7 28. Rxa6 Rgf8 29. Ra7+ Kb8 30. Raf7 Rxf7 31. Rxf7 Rc8 32. Rf2 g5 33. Kh2 g4 34. Kg1 h5 35. Kf1 Rc5 36. b3 Kb7 37. Ke1 Kb6 38. Kd1 Ra5 39. a4 Rd5 40. Kc1 Ka5 41. Kb2 Kb4 42. Rf8 Re5 43. Rb8+ Ka5 44. Rb5+ Rxb5 45. axb5 Kxb5 46. Ka3 Kc5 47. Ka4 Kb6 48. Kb4 Kc6 49. Ka5 Kb7 50. b4 Kc6 51. Ka6 Kd5 52. b5 Kc5 53. b6 Kb4 54. b7 Kc3 55. b8=Q Kxc2 56. Kb5 1-0

[Event "CAN-op"]
[Site "Edmonton CAN"]
[Date "2009.07.14"]
[Round "4.99"]
[White "Orr, Douglas"]
[Black "Durupala, Rishi"]
[Result "1-0"]
[WhiteElo "1424"]
[BlackElo "1075"]
[PlyCount "86"]
[GameId "2160767910156003"]
[EventDate "2009.07.11"]
[EventType "swiss"]
[EventRounds "9"]
[EventCountry "CAN"]
[SourceTitle "EXT 2022"]
[Source "ChessBase"]
[SourceDate "2021.10.06"]
[SourceVersion "1"]
[SourceVersionDate "2021.10.06"]
[SourceQuality "1"]

1. e4 e5 2. Nf3 Nf6 3. Nc3 Nc6 4. Bc4 Nxe4 5. Qe2 Nxc3 6. bxc3 d6 7. d4 Qe7 8. h3 exd4 9. Nxd4 Qxe2+ 10. Nxe2 Be6 11. Bxe6 fxe6 12. Bb2 e5 13. O-O O-O-O 14. f4 g6 15. fxe5 dxe5 16. Rad1 Bg7 17. Ng3 Rxd1 18. Rxd1 Rd8 19. Rd3 Rxd3 20. cxd3 Kd7 21. Ne4 b6 22. Kf2 Ke6 23. g4 h5 24. Kf3 hxg4+ 25. Kxg4 Bh6 26. a3 Ne7 27. c4 Nf5 28. Nc3 c5 29. Nb5 a5 30. Nc7+ Kd7 31. Nd5 Kc6 32. Bxe5 Ne3+ 33. Nxe3 Bxe3 34. a4 Bd4 35. Bxd4 cxd4 36. Kg5 Kc5 37. Kxg6 Kb4 38. h4 Kc3 39. h5 Kxd3 40. h6 Kxc4 41. h7 d3 42. h8=Q d2 43. Qc8+ Kb4 1-0

[Event "CAN-op"]
[Site "Edmonton CAN"]
[Date "2009.07.15"]
[Round "5"]
[White "MacKinnon, Keith"]
[Black "Mulyar, Michael"]
[Result "1-0"]
[WhiteElo "2148"]
[BlackElo "2390"]
[PlyCount "91"]
[GameId "2160767910156007"]
[EventDate "2009.07.11"]
[EventType "swiss"]
[EventRounds "9"]
[EventCountry "CAN"]
[SourceTitle "CBM 132 Extra"]
[Source "ChessBase"]
[SourceDate "2009.11.03"]
[SourceVersion "1"]
[SourceVersionDate "2009.11.03"]
[SourceQuality "1"]

1. e4 Nf6 2. e5 Nd5 3. c4 Nb6 4. d4 d6 5. exd6 cxd6 6. Nc3 g6 7. Be3 Bg7 8. Rc1 O-O 9. b3 Nc6 10. d5 Ne5 11. Be2 a5 12. f4 Ned7 13. Nf3 Nc5 14. Nd4 Re8 15. O-O e6 16. dxe6 Bxe6 17. Nxe6 Rxe6 18. Bd4 Bxd4+ 19. Qxd4 Qe7 20. Bg4 Re3 21. Rcd1 Rd8 22. Rf3 Re1+ 23. Rxe1 Qxe1+ 24. Rf1 Qe7 25. Rd1 Re8 26. Bf3 h5 27. Qxd6 Qe3+ 28. Kf1 Ne6 29. Qd2 Nxf4 30. Bxb7 a4 31. Bc6 axb3 32. axb3 Re6 33. Qxe3 Rxe3 34. c5 Rxc3 35. Rd8+ Kg7 36. cxb6 Rc1+ 37. Kf2 Nd3+ 38. Ke2 Nf4+ 39. Kd2 Rxc6 40. b7 Rb6 41. b8=Q Rxb8 42. Rxb8 Nxg2 43. b4 Kf6 44. b5 Nf4 45. b6 Ne6 46. Rc8 1-0

[Event "CAN-op"]
[Site "Edmonton CAN"]
[Date "2009.07.15"]
[Round "5"]
[White "Me, Kevin"]
[Black "Piasetski, Leon"]
[Result "1-0"]
[WhiteElo "2145"]
[BlackElo "2406"]
[PlyCount "85"]
[GameId "2160767910156008"]
[EventDate "2009.07.11"]
[EventType "swiss"]
[EventRounds "9"]
[EventCountry "CAN"]
[SourceTitle "CBM 132 Extra"]
[Source "ChessBase"]
[SourceDate "2009.11.03"]
[SourceVersion "1"]
[SourceVersionDate "2009.11.03"]
[SourceQuality "1"]

1. e4 c5 2. Nf3 Nc6 3. d4 cxd4 4. Nxd4 Qb6 5. Nb3 Nf6 6. Nc3 e6 7. Be3 Qc7 8. a3 a6 9. Bd3 b5 10. O-O d6 11. f4 Be7 12. Qf3 Bb7 13. Qg3 g6 14. Rae1 O-O-O 15. h3 d5 16. exd5 exd5 17. Ne2 Nb8 18. Qf2 Nbd7 19. Ned4 Rhe8 20. Bd2 Nb6 21. Bxb5 Ne4 22. Rxe4 dxe4 23. Bxe8 Rxe8 24. Ba5 Bd8 25. c4 e3 26. Qe2 Bh4 27. c5 Bf2+ 28. Rxf2 exf2+ 29. Qxf2 Bd5 30. Bxb6 Qe7 31. Ba5 Qe3 32. Bc3 h5 33. Qxe3 Rxe3 34. Nd2 Re1+ 35. Kf2 Rc1 36. N2f3 Kb7 37. Nd2 f6 38. Nf1 Rb1 39. Ne3 Bf7 40. f5 gxf5 41. Nexf5 Bd5 42. Ne7 Be4 43. Nb3 1-0

[Event "CAN-op"]
[Site "Edmonton CAN"]
[Date "2009.07.15"]
[Round "5.2"]
[White "Bluvshtein, Mark"]
[Black "Ganguly, Surya Shekhar"]
[Result "1/2-1/2"]
[WhiteElo "2598"]
[BlackElo "2637"]
[PlyCount "43"]
[GameId "2160767910156010"]
[EventDate "2009.07.11"]
[EventType "swiss"]
[EventRounds "9"]
[EventCountry "CAN"]

1. d4 Nf6 2. c4 g6 3. Nc3 d5 4. Qb3 dxc4 5. Qxc4 Bg7 6. e4 O-O 7. Be2 b6 8. e5 Be6 9. Qa4 Nd5 10. Nf3 c5 11. dxc5 Nd7 12. Qh4 Nxc5 13. O-O Nxc3 14. bxc3 Qc7 15. Ng5 h6 16. Nxe6 Nxe6 17. Bxh6 Qxe5 18. Bc4 Qf6 19. Qxf6 exf6 20. Bxg7 Kxg7 21. Rfe1 Rac8 22. Bxe6 1/2-1/2

[Event "CAN-op"]
[Site "Edmonton CAN"]
[Date "2009.07.15"]
[Round "5.6"]
[White "Zilberstein, Dmitry"]
[Black "Perelshteyn, Eugene"]
[Result "1/2-1/2"]
[WhiteElo "2437"]
[BlackElo "2588"]
[PlyCount "46"]
[GameId "2160767910156013"]
[EventDate "2009.07.11"]
[EventType "swiss"]
[EventRounds "9"]
[EventCountry "CAN"]

1. e4 e6 2. d4 d5 3. Nd2 c5 4. exd5 Qxd5 5. Ngf3 cxd4 6. Bc4 Qd6 7. O-O Nf6 8. Nb3 Nc6 9. Nbxd4 Nxd4 10. Nxd4 Be7 11. b3 O-O 12. Bb2 Qf4 13. Qe2 Rd8 14. Rad1 Bd7 15. g3 Qg4 16. Qxg4 Nxg4 17. Be2 e5 18. Nb5 Bxb5 19. Bxb5 Bc5 20. Rde1 Rd2 21. Re2 Rad8 22. Bc1 Rxe2 23. Bxe2 Nf6 1/2-1/2

[Event "CAN-op"]
[Site "Edmonton CAN"]
[Date "2009.07.15"]
[Round "5.7"]
[White "Langer, Mikhail"]
[Black "Zhao Xue"]
[Result "1/2-1/2"]
[WhiteElo "2313"]
[BlackElo "2544"]
[PlyCount "274"]
[GameId "2160767910156014"]
[EventDate "2009.07.11"]
[EventType "swiss"]
[EventRounds "9"]
[EventCountry "CAN"]

1. e4 c6 2. d4 d5 3. exd5 cxd5 4. c4 Nf6 5. Nc3 e6 6. Nf3 Bb4 7. cxd5 Nxd5 8. Bd2 Nc6 9. Bd3 Be7 10. O-O O-O 11. Nxd5 Qxd5 12. Be3 Rd8 13. Qe2 Bd7 14. Rfd1 Be8 15. Bf4 Rac8 16. Be4 Qh5 17. a3 Bd6 18. Qe3 Na5 19. Bxd6 Rxd6 20. Rac1 Rcd8 21. Ne5 Ba4 22. Rd3 f6 23. Bf3 Qe8 24. Ng4 Bb5 25. Rdc3 Nc6 26. d5 exd5 27. Qxe8+ Rxe8 28. Rc5 Be2 29. Rxd5 Bxf3 30. Nh6+ gxh6 31. Rxd6 Bg4 32. Rxf6 Ne5 33. h3 Bd7 34. Rc7 Bc6 35. Rxh6 Nf7 36. Rf6 Ng5 37. Rh6 Be4 38. h4 Ne6 39. Rd7 Nf8 40. Rc7 a6 41. Rh5 Kh8 42. f3 Bc6 43. Rf7 Kg8 44. Rc7 Kh8 45. Kf2 Kg8 46. Rg5+ Kh8 47. Rgg7 Rd8 48. h5 h6 49. Rgf7 Nd7 50. g4 Kg8 51. Re7 Kf8 52. Rh7 Kg8 53. Rxh6 Kf7 54. g5 Ke7 55. g6 Rg8 56. Rh7+ Kd6 57. Rxc6+ bxc6 58. Rf7 Ke6 59. Rf4 Nf6 60. Rh4 Kf5 61. Ke3 Kg5 62. Rc4 Rc8 63. f4+ Kxh5 64. g7 Kg6 65. Kd4 Kxg7 66. Kc5 Kf7 67. Kd6 Ne8+ 68. Kd7 Rc7+ 69. Kd8 c5 70. Re4 Rb7 71. Re5 c4 72. Rf5+ Nf6 73. Rc5 Rxb2 74. Rxc4 Rb6 75. Kc7 Nd5+ 76. Kd7 Rf6 77. Rc6 Rxf4 78. Rxa6 Rd4 79. Kc6 Nc3 80. Kc5 Rg4 81. Ra7+ Ke6 82. Ra6+ Ke5 83. Ra8 Ne4+ 84. Kc6 Rg6+ 85. Kb5 Kd5 86. a4 Rg1 87. Kb6 Rb1+ 88. Kc7 Rc1+ 89. Kb6 Rc3 90. Ra5+ Kd6 91. Rh5 Rb3+ 92. Rb5 Ra3 93. Rb4 Nf6 94. Rc4 Rb3+ 95. Ka5 Nd5 96. Rc1 Rb8 97. Rc4 Ne7 98. Ka6 Nc6 99. Rh4 Ne5 100. Rh6+ Kc7 101. Rh7+ Nd7 102. Rh5 Kc6 103. Rh6+ Kc5 104. Rh5+ Kc6 105. Rh6+ Kd5 106. Rh5+ Ne5 107. Rg5 Kd6 108. Rh5 Nc4 109. Rh6+ Kc7 110. Rh4 Nd6 111. Ka5 Kc6 112. Rg4 Nf7 113. Rc4+ Kd5 114. Rh4 Ne5 115. Rh5 Kd6 116. Rg5 Nc4+ 117. Ka6 Kc6 118. Rg6+ Nd6 119. Ka5 Rb1 120. Rh6 Kc7 121. Rh7+ Kb8 122. Rh8+ Ka7 123. Rh7+ Kb8 124. Rh8+ Kc7 125. Rh7+ Kc6 126. Rh6 Rb3 127. Rg6 Kd5 128. Rg5+ Kd4 129. Rg4+ Ne4 130. Rh4 Rb8 131. Rh5 Nf6 132. Rb5 Ra8+ 133. Kb4 Nd5+ 134. Kb3 Rh8 135. Rb7 Rh3+ 136. Kb2 Kc4 137. Rb8 Rf3 1/2-1/2

[Event "CAN-op"]
[Site "Edmonton CAN"]
[Date "2009.07.15"]
[Round "5.11"]
[White "Gerzhoy, Leonid"]
[Black "Gentes, Kevin"]
[Result "1-0"]
[WhiteElo "2530"]
[BlackElo "2270"]
[PlyCount "65"]
[GameId "2160767910156017"]
[EventDate "2009.07.11"]
[EventType "swiss"]
[EventRounds "9"]
[EventCountry "CAN"]

1. e4 e6 2. d4 d5 3. Nd2 Nf6 4. e5 Nfd7 5. Bd3 c5 6. c3 Nc6 7. Ne2 cxd4 8. cxd4 f6 9. exf6 Nxf6 10. O-O Bd6 11. Nf3 Qc7 12. Bg5 O-O 13. Bh4 Nh5 14. Qc2 h6 15. Bh7+ Kh8 16. Bg6 Nf4 17. Nxf4 Bxf4 18. Bg3 Bd7 19. Rad1 Rac8 20. Qe2 Rf6 21. Bb1 Be8 22. Ne5 Qe7 23. Qd3 g5 24. Ng4 Bg6 25. Qa3 Qxa3 26. bxa3 Bxb1 27. Nxf6 Bc2 28. Ra1 Nxd4 29. Bxf4 gxf4 30. f3 Rc3 31. Rf2 Nf5 32. Rc1 Ne3 33. Ng4 1-0

[Event "CAN-op"]
[Site "Edmonton CAN"]
[Date "2009.07.15"]
[Round "5.17"]
[White "Barron, Michael"]
[Black "Monaghan, Jim"]
[Result "1-0"]
[WhiteElo "2357"]
[BlackElo "2090"]
[PlyCount "105"]
[GameId "2160767910156020"]
[EventDate "2009.07.11"]
[EventType "swiss"]
[EventRounds "9"]
[EventCountry "CAN"]

1. e4 d5 2. exd5 Qxd5 3. Nc3 Qa5 4. Bc4 Nf6 5. Nf3 Bg4 6. h3 Bh5 7. Qe2 c6 8. g4 Bg6 9. Ne5 Nbd7 10. f4 Nxe5 11. fxe5 Nd7 12. e6 fxe6 13. d3 e5 14. Bd2 Qc7 15. O-O-O O-O-O 16. Rde1 e6 17. Bxe6 Bd6 18. g5 Kb8 19. h4 Rhe8 20. Bg4 e4 21. Nxe4 Nc5 22. Qf3 Bxe4 23. dxe4 Be5 24. Bb4 Na6 25. Ba3 b5 26. b3 Qa5 27. Bb2 Qxa2 28. Bxe5+ Rxe5 29. Qc3 Rc5 30. Qb2 Qxb2+ 31. Kxb2 Rd2 32. Bd1 Nb4 33. Kc1 Rg2 34. Reg1 Nxc2 35. Rxg2 Ne3+ 36. Kd2 Nxg2 37. Rh2 Nf4 38. Rf2 Ng6 39. Rf7 Re5 40. h5 Nh4 41. Rxg7 c5 42. g6 Nxg6 43. hxg6 hxg6 44. Ke3 g5 45. Bg4 a5 46. Bf5 a4 47. bxa4 bxa4 48. Rxg5 a3 49. Rg2 c4 50. Kd4 Ra5 51. Ra2 Ra4 52. Bd7 Ra7 53. Be6 1-0

[Event "CAN-op"]
[Site "Edmonton CAN"]
[Date "2009.07.15"]
[Round "5.18"]
[White "Sequillion, Aaron"]
[Black "MacKay, Ian"]
[Result "0-1"]
[WhiteElo "2108"]
[BlackElo "2328"]
[PlyCount "114"]
[GameId "2160767910156021"]
[EventDate "2009.07.11"]
[EventType "swiss"]
[EventRounds "9"]
[EventCountry "CAN"]
[SourceTitle "EXT 2022"]
[Source "ChessBase"]
[SourceDate "2021.10.06"]
[SourceVersion "1"]
[SourceVersionDate "2021.10.06"]
[SourceQuality "1"]

1. e4 c5 2. Nf3 Nc6 3. d4 cxd4 4. Nxd4 e6 5. Nc3 Nf6 6. Nxc6 bxc6 7. Bd3 d5 8. O-O Qc7 9. Re1 d4 10. Nb1 e5 11. h3 Be6 12. Nd2 g5 13. Nc4 Rg8 14. Qf3 Be7 15. Qg3 Nd7 16. c3 dxc3 17. bxc3 h5 18. Ne3 g4 19. Nf5 Bxf5 20. exf5 h4 21. Qe3 g3 22. Qe2 gxf2+ 23. Qxf2 Rg3 24. Be3 Qa5 25. Be4 Qa4 26. Qc2 Qxc2 27. Bxc2 Rxe3 28. Rxe3 Bc5 29. Rae1 f6 30. Kf1 Bxe3 31. Rxe3 Nc5 32. Bb3 Rb8 33. Bc4 Rb1+ 34. Kf2 Rb2+ 35. Kf3 Ke7 36. Re2 Rb8 37. Kg4 Rh8 38. Rd2 Ne4 39. Rb2 Kd6 40. Rb7 a5 41. Ra7 Kc5 42. Be6 Kb6 43. Rg7 Nxc3 44. Rg6 Ne4 45. Kf3 Ng5+ 46. Kg4 Rf8 47. Kxh4 Kc5 48. Rxg5 fxg5+ 49. Kxg5 e4 50. Kf4 Kd4 51. g4 e3 52. Bc4 Kxc4 53. Kxe3 Kd5 54. Kf4 c5 55. g5 c4 56. g6 c3 57. g7 Rc8 0-1